000 00315nam a22001457a 4500
008 210514b ||||| |||| 00| 0 eng d
020 _a0805209204
041 _aeng
080 _a37
082 _a37
100 _a46
101 _aEDU
245 _aMontessori A Modern Approach
_cLillard,P.P
942 _2udc
_cBK
999 _c57337
_d57337